00790nam a2200265Ia 4500008004000000020001500040041000800055082001600063100001900079245006200098260002300160300000800183650001400191650001000205650000700215650001300222650001100235650000800246650001400254650001300268690002800281906001100309999001900320952018500339210210b2007 xxu||||| |||| 00| 0 eng d a1741145007 aeng a327.73 CHOH aCHOMSKY (Noam) aHegemony or survival: Americas quest for global dominance aAustraliab-c2007 a300 asurvival: aquest aor aHegemony aglobal afor adominance aAmericas aInternational Relations a064439 c140622d140622 001040708Political ScienceaALbALcPolitical Scienced2021-02-17eAthree Book Centre Balmatta, Mangalore-01g395.00l0o327.73 CHOHp064439r2021-02-17 00:00:00w2021-02-17yBK